| 000 | 00612nam a22002177a 4500 | ||
|---|---|---|---|
| 003 | UA-OsUOA | ||
| 001 | 74227 | ||
| 007 | ta | ||
| 008 | 20110331b un ||||| |||| 00| 0 ukr d | ||
| 100 | _aШапошников К.А. | ||
| 090 |
_a02 _bШ24 |
||
| 942 | _cSA | ||
| 040 |
_aUA-OsUOA _brus _cUA-OsUOA _dUA-OsUOA |
||
| 245 | _aСправочно-библиографический отдел ГПИБ России: история и современность | ||
| 300 | _aС.30-42 | ||
| 955 | _a0 | ||
| 041 | _arus | ||
| 080 | _a02 | ||
| 773 | 0 | _w74223 | |
| 650 | 7 |
_a02 Бібліотечна справа _2UDC |
|
| 999 |
_c360517 _d360517 |
||